| 000 | 00649cab a2200193 4500 | ||
|---|---|---|---|
| 001 | L135847 | ||
| 008 | 061213n2006 000 0 eng u | ||
| 035 | _a(Sirsi) u135847 | ||
| 041 | 0 | _aeng | |
| 100 | 1 | _aGoldie, Anna | |
| 245 | 0 | 0 |
_aRegional _bSussex, Surrey and London boroughs south |
| 260 | _c2006 | ||
| 490 | 0 |
_aProperty Week _v71(46) 17 November 2006, 83-101(10) |
|
| 520 | _aConsiders retail in Walton-on-Thames, and the office market in Frimley Square, and its implications for Surrey's office recovery. | ||
| 590 | _aKA | ||
| 651 | 4 |
_aEngland _y886- |
|
| 690 | _aPROPERTY-COMMERCIAL PROPERTY-COMMERCIAL PROPERTY MARKET | ||
| 942 | _n0 | ||
| 999 |
_c78038 _d78038 |
||